Návrh inovačných aktivít vo vybranom strojárskom podniku

Návrh inovačných projektov v konkrétnom strojárenskom podniku a prezentácia finančných úspor týchto inovačných projektov.

Saved in:
Bibliographic Details
Main Author: Kulková, Lenka
Other Authors: Dugas, Jaroslav, 1967-
Format: Book Chapter
Language:Slovak
Subjects:
Tags: Add Tag
No Tags, Be the first to tag this record!

MARC

LEADER 00000naa a2200000 4500
001 0225902
005 20240502073716.1
041 0 |a slo 
044 |a SK 
245 1 0 |a Návrh inovačných aktivít vo vybranom strojárskom podniku  |c Lenka Kulková, Jaroslav Dugas 
520 |a Návrh inovačných projektov v konkrétnom strojárenskom podniku a prezentácia finančných úspor týchto inovačných projektov. 
610 2 0 |a stratégia inovačná 
610 2 0 |a úspory finančné 
610 2 0 |a podnik strojársky 
610 2 0 |a projekty racionalizačné 
100 1 |a Kulková, Lenka 
700 1 |a Dugas, Jaroslav, 1967-